Największe miasta zaczynające się na literę C - Statystyki

Ogólne statystyki
  • Ten quiz został rozwiązany 238 razy
  • Średni wynik to 5 z 15
Statystyki odpowiedzi
Państwo Populacja Miasto % Poprawnych
Wenezuela 3,83 mln Caracas
92%
Stany Zjednoczone 9,65 mln Chicago
90%
Maroko 4,78 mln Casablanca
83%
Chiny 17,3 mln Chengdu
43%
Kolumbia 2,95 mln Cali
42%
Indie 12,6 mln Cennaj|Madras
31%
Stany Zjednoczone 2,80 mln Cincinnati
31%
Chiny 10,9 mln Chongqing
29%
Stany Zjednoczone 3,05 mln Cleveland
24%
Bangladesz 5,00 mln Cottogram
18%
Filipiny 2,75 mln Cebu
14%
Chiny 11,0 mln Changsha
14%
Brazylia 3,25 mln Campinas
4%
Chiny 5,05 mln Changchun
4%
Indie 3,00 mln Coimbatore
2%
Nie znaleziono quizów pasujących do podanych kryteriów
Rozkład punktacji
Procent ludzi z każdym wynikiem
Percentyl według liczby udzielonych odpowiedzi
Twoja historia wyników
Nie rozwiązałeś tego quizu